Fifth Symposium on Biotechnology for Fuels and Chemicals: proceedings
Saved in:
| Hovedforfatter: | |
|---|---|
| Format: | Bog |
| Sprog: | engelsk |
| Udgivet: |
Nueva York
John Wiley
1984
|
| Serier: | Biotechnology and Bioengineering Symposium, 13
|
| Fag: | |
| Tags: |
Tilføj Tag
Ingen Tags, Vær først til at tagge denne postø!
|
MARC
| LEADER | 00000nam a2200000 a 4500 | ||
|---|---|---|---|
| 001 | UCU4704 | ||
| 003 | CL-VaPUC | ||
| 005 | 20230606074337.0 | ||
| 008 | 960524e19840000us 1 eng d | ||
| 082 | 0 | 4 | |a 660.6 |b SCO |2 21 |
| 100 | 1 | |a Scott, Charles D |e author |9 617769 | |
| 245 | 1 | 0 | |a Fifth Symposium on Biotechnology for Fuels and Chemicals: proceedings |
| 260 | |a Nueva York |b John Wiley |c 1984 | ||
| 300 | |a v | ||
| 490 | 0 | |a Biotechnology and Bioengineering Symposium, 13 | |
| 583 | |a last modification |c 19960524 00:00:00 |k Rodrigo Vera | ||
| 650 | 0 | 0 | |a Biotecnología |9 259561 |
| 650 | 0 | 0 | |a Combustibles |9 271720 |
| 650 | 0 | 0 | |a Catálisis |9 259915 |
| 650 | 0 | 0 | |a Enzimas |9 262984 |
| 650 | 0 | 0 | |a Química |9 259896 |
| 650 | 0 | 7 | |a CELULOSA |2 CL-VaPUC |9 365812 |
| 650 | 0 | 0 | |a Hidratos de carbono |9 360963 |
| 942 | |c BK | ||
| 945 | |a paguirre |d 19960524 00:00:00 | ||
| 546 | |a En Inglés | ||
| 518 | |p Symposium on Biotechnology for Fuels and Chemicals, 5, Gatlinburg, 10 al 13 de Mayo de 1984 | ||
| 999 | |c 382628 |d 382626 | ||
| 952 | |0 0 |1 0 |4 0 |6 660_600000000000000_SCO_1984 |7 0 |8 A |9 504420 |a BIBING |b BIBING |d 2020-01-23 |i 2607654 |o 660.6 SCO 1984 |p 2607654 |r 2025-01-20 |w 2020-01-23 |y BK |k EIB | ||